Подвиги уроженцев Чувашии на фронтах Великой Отечественной войны (июнь 1941 г.-май 1945 г.) (Запись № 1649090)

Подробности
000 -МАРКЕР
контрольное поле 02006nam0a2200337 4500
001 - ИДЕНТИФИКАТОР ЗАПИСИ
контрольное поле RU\NLR\bibl\890855
005 - ИДЕНТИФИКАТОР ВЕРСИИ
контрольное поле 20260407083546.0
010 ## - МЕЖДУНАРОДНЫЙ СТАНДАРТНЫЙ НОМЕР КНИГИ (ISBN)
Номер (ISBN) 5-87677-044-2
Тираж 500
021 ## - НОМЕР ГОСУДАРСТВЕННОЙ РЕГИСТРАЦИИ
Код страны российская федерация
Номер 2005-61950
Номер Листа государственной регистраци 3040
035 ## - ДРУГИЕ СИСТЕМНЫЕ НОМЕРА
Идентификатор записи (NLR Aleph) 000879356
100 ## - ДАННЫЕ ОБЩЕЙ ОБРАБОТКИ
Данные общей обработки 20051220d2005 |||y0rusy50 ca
101 0# - ЯЗЫК РЕСУРСА
Язык текста, звукозаписи и т.д. русский
102 ## - СТРАНА ПУБЛИКАЦИИ ИЛИ ПРОИЗВОДСТВА
Страна публикации российская федерация
105 ## - ПОЛЕ КОДИРОВАННЫХ ДАННЫХ: ТЕКСТОВЫЕ МАТЕРИАЛЫ, МОНОГРАФИЧЕСКИЕ
Кодированные данные о монографическом текстовом документе y |||||||||
200 1# - ЗАГЛАВИЕ И СВЕДЕНИЯ ОБ ОТВЕТСТВЕННОСТИ
Основное заглавие Подвиги уроженцев Чувашии на фронтах Великой Отечественной войны (июнь 1941 г.-май 1945 г.)
Сведения, относящиеся к заглавию сборник документов: извлечения из наградных листов
Первые сведения об ответственности Чуваш. гос. ин-т гуманитар. наук
Последующие сведения об ответственности [сост., авт. предисл., коммент. и сокр. - к.ист.н. В.М. Михайлов
-- науч. ред. - д.ист.н. И.И. Бойко]
210 ## - ПУБЛИКАЦИЯ, РАСПРОСТРАНЕНИЕ И ДР.
Место издания, распространения и т.д. Чебоксары
Имя издателя, распространителя и т. д. Чувашский государственный институт гуманитарных наук
Дата издания, распространения и т.д. 2005
215 ## - ФИЗИЧЕСКАЯ ХАРАКТЕРИСТИКА
Специфическое обозначение материала и объем 411 с.
Размеры 21
320 ## - ПРИМЕЧАНИЯ О НАЛИЧИИ В ДОКУМЕНТЕ БИБЛИОГРАФИИ / УКАЗАТЕЛЯ
Текст примечания Библиогр. в подстроч. примеч.
606 0# - НАИМЕНОВАНИЕ ТЕМЫ КАК ПРЕДМЕТ
Наименование темы Великая Отечественная война
Формальный подзаголовок Документы и материалы
Тематический подзаголовок Герои и героизм
Географический подзаголовок Чувашская АССР
Хронологический подзаголовок 1941 - 1945
Системный номер авторитетной/нормативной записи 2240665
Идентификатор авторитетной/нормативной записи RU\NLR\auth\661344537
686 ## - ИНДЕКСЫ ДРУГИХ КЛАССИФИКАЦИЙ
Индекс Ц35(2)722-424д(2Р-6Чу),011
686 ## - ИНДЕКСЫ ДРУГИХ КЛАССИФИКАЦИЙ
Индекс Т3(2)722.9-9(Р-6Чу),011
702 #1 - ИМЯ ЛИЦА - ВТОРИЧНАЯ ОТВЕТСТВЕННОСТЬ
Код отношения Составитель
Графика поля Кириллица
Материалы, к которым относится поле rus
Начальный элемент ввода Михайлов
Часть имени, кроме начального элемента ввода В. М.
Дополнения к именам, кроме дат канд. ист. наук
Даты 1953-
Расширение инициалов личного имени Владимир Михайлович
Идентификатор авторитетной/нормативной записи RU\NLR\auth\7735631
Системный номер авторитетной/нормативной записи 18628
702 #1 - ИМЯ ЛИЦА - ВТОРИЧНАЯ ОТВЕТСТВЕННОСТЬ
Код отношения Редактор
Материалы, к которым относится поле rus
Графика поля Кириллица
Начальный элемент ввода Бойко
Часть имени, кроме начального элемента ввода И. И.
Расширение инициалов личного имени Иван Иванович
Идентификатор авторитетной/нормативной записи RU\NLR\auth\776537
Системный номер авторитетной/нормативной записи 116489
712 02 - НАИМЕНОВАНИЕ ОРГАНИЗАЦИИ - ВТОРИЧНАЯ ОТВЕТСТВЕННОСТЬ
Код отношения Прочие
Начальный элемент ввода Чувашский государственный институт гуманитарных наук
Идентифицирующий признак Чебоксары
Идентификатор авторитетной/нормативной записи RU\NLR\AUTH\8810668
Системный номер авторитетной/нормативной записи 293940
801 #0 - ИСТОЧНИК ЗАПИСИ
Страна российская федерация
Организация NLR
Дата составления 20051220
Правила каталогизации rcr
801 #1 - ИСТОЧНИК ЗАПИСИ
Страна российская федерация
Организация NLR
Дата составления 20051220
942 ## - ДОПОЛНИТЕЛЬНЫЕ ЭЛЕМЕНТЫ ЗАПИСИ (АБИС)
Тип экземпляра АБИС Книга
980 ## - КОЛЛЕКЦИЯ
Название коллекции Национальная библиография
980 ## - КОЛЛЕКЦИЯ
Название коллекции НБР
Экземпляры
Тип экземпляра Дата поступления Источник поступления Библиотека постоянного хранения Библиотека текущего хранения Место хранения Шифр хранения Штрих-код Статус не для выдачи
Книга 20.12.2005 Обязательный экземпляр РНБ (Московский) РНБ (Московский) Русский книжный фонд: издания с 1957 года, 3этаж 2005-3/38281 2083213